| 000 | 00487pab a2200193 454500 | ||
|---|---|---|---|
| 008 | 180718b2012 xxu||||| |||| 00| 0 eng d | ||
| 100 | _aFiess, Norbert | ||
| 245 | _aInformality and openness to trade: Insights from cross - sectional and panel analyses | ||
| 260 | _c2012 | ||
| 300 | _ap.235-275. | ||
| 362 | _aMay | ||
| 650 | _aLiberalization | ||
| 650 | _aTrade | ||
| 650 | _aInformal sector | ||
| 700 | _aFugazza, Marco | ||
| 773 | _aMargin | ||
| 908 | _aN | ||
| 909 | _a96789 | ||
| 999 |
_c96789 _d96789 |
||